000 00762nam a22002177a 4500
005 20100809111224.0
010 _aENG-98979
020 _c130.00
_a9789380243344
035 _aEN-82511
037 _bDBAD/PUB
082 _a658.15
100 _aMarimuthu, M.
_99549
245 _aCorporate finance /
_cby M. Marimuthu
260 _aTiruchirappalli
_bRaja Publications
_c2009
270 _a4/1, S. S.H. Shelter, Hazarath Abdul Salam Street, Khajanagar
_bTiruchirappalli
_e620020
300 _a224 p.
_c21 cm. (Pbk)
650 _aCorporate Finance
_99550
700 _97380
942 _2ddc
_cEN
_mMAR
_h615.32
999 _c40355
_d40355